Modelovanie pozitívnych a negatívnych vplyvov na výkonnosť podniku habilitačná prednáška : odbor 3.3.13 Finančný manažment

Uložené v:
Podrobná bibliografia
Hlavný autor: Hyránek, Eduard, 1955-
Korporativný autor: Ekonomická univerzita v Bratislave. Fakulta podnikového manažmentu
Médium: Kniha
Jazyk:Slovak
Vydavateľské údaje: Bratislava 2014
Edícia:Habilitačné a inauguračné prednášky
Predmet:
Tagy: Pridať tag
Žiadne tagy, Buďte prvý, kto otaguje tento záznam!

MARC

LEADER 00000nam$a2200000$$$4500
001 0197554
005 20240318125654.6
020 |a [nemá] 
041 0 |a slo 
044 |a SK 
245 1 0 |a Modelovanie pozitívnych a negatívnych vplyvov na výkonnosť podniku  |b habilitačná prednáška : odbor 3.3.13 Finančný manažment  |c Eduard Hyránek 
264 1 |a Bratislava  |c 2014 
300 |a 57 s. 
490 1 |a Habilitačné a inauguračné prednášky 
830 0 |a Habilitačné a inauguračné prednášky 
610 2 0 |a výkonnosť podniku 
610 2 0 |a modelovanie 
610 2 0 |a meranie výkonnosti 
610 2 0 |a modely 
100 1 |a Hyránek, Eduard, 1955- 
710 2 |a Ekonomická univerzita v Bratislave. Fakulta podnikového manažmentu